Dopad COVID-19 na zamestnanosť v skúmanom podniku bakalárska práca

Saved in:
Bibliographic Details
Main Author: Štofanková, Anna
Corporate Author: Podnikovohospodárska fakulta EU so sídlom v Košiciach. Katedra manažmentu
Other Authors: Mihalčová, Bohuslava, 1963-
Format: Book
Language:Slovak
Published: Košice 2022
Tags: Add Tag
No Tags, Be the first to tag this record!

MARC

LEADER 00000nbm a2200000 4500
001 0287389
005 20230512082640.3
041 0 |a slo 
044 |a SK 
245 1 0 |a Dopad COVID-19 na zamestnanosť v skúmanom podniku  |b bakalárska práca  |c Anna Štofanková ; školiteľ: Bohuslava Mihalčová 
264 1 |a Košice  |c 2022 
300 |a 53 s. 
100 1 |a Štofanková, Anna 
700 1 |a Mihalčová, Bohuslava, 1963- 
710 2 |a Podnikovohospodárska fakulta EU so sídlom v Košiciach. Katedra manažmentu